Trabajo y capital en el siglo XXI / (Registro nro. 2426)

Detalles MARC
000 -CABECERA
Longitud fija campo de control 00732nam a2200265 a 4500
003 - • IDENTIFICADOR DELl NÚMERO DE CONTROL
Identificador del número de control CO-ViMGA
008 - • CÓDIGOS DE INFORMACIÓN DE LONGITUD FIJA
Códigos de información de longitud fija 141112s2004 ck r 000 u spa d
020 ## - • NÚMERO INTERNACIONAL NORMALIZADO PARA LIBROS
Número Internacional Normalizado para Libros (ISBN) 9789588341286
040 ## - FUENTE DE LA CATALOGACIÓN
Centro catalogador de origen CO-ViMGA
Lengua de catalogación spa
Centro transcriptor CO-ViMGA
041 ## - • CÓDIGO DE LENGUA
Código de lengua del texto/banda sonora o título independiente SPA
082 04 - • NÚMERO DE LA CLASIFICACIÓN DECIMAL DEWEY
Número de clasificación (R) 338 T71
245 10 - • TITULO PROPIAMENTE DICHO
Título Trabajo y capital en el siglo XXI /
Mención de responsabilidad, etc. Hector León Moncayo, editor
250 ## - • MENCIÓN DE EDICIÓN
Mención de edición 1a ed.
300 ## - • DESCRIPCIÓN FÍSICA
Extensión 272 p.
490 ## - • MENCIÓN DE SERIE
Mención de serie En clave de sur
650 14 - • PUNTO DE ACCESO ADICIONAL DE MATERIA - TÉRMINO DE MATERIA
Término de materia o nombre geográfico como elemento inicial CAPITALISMO
650 14 - • PUNTO DE ACCESO ADICIONAL DE MATERIA - TÉRMINO DE MATERIA
Término de materia o nombre geográfico como elemento inicial DIVISION DEL TRABAJO
650 14 - • PUNTO DE ACCESO ADICIONAL DE MATERIA - TÉRMINO DE MATERIA
Término de materia o nombre geográfico como elemento inicial MODOS DE PRODUCCIÓN
650 14 - • PUNTO DE ACCESO ADICIONAL DE MATERIA - TÉRMINO DE MATERIA
Término de materia o nombre geográfico como elemento inicial TRABAJO
700 1# - • PUNTO DE ACCESO ADICIONAL - NOMBRE DE PERSONA
Nombre de persona Moncayo, Héctor - León
700 1# - • PUNTO DE ACCESO ADICIONAL - NOMBRE DE PERSONA
Nombre de persona Moncayo, Héctor - León
942 ## - ENTRADA DE ELEMENTOS AGREGADOS (KOHA)
Fuente de clasificaión o esquema Dewey Decimal Classification
Koha [por defecto] tipo de item LIbro
Existencias
Perdido Fuente de clasificación o esquema Estado Físico No para préstamo Forma de adquisición Localización permanente Localización actual Localización en estanterías Fecha adquisición Préstamos totales Signatura completa Código de barras Fecha última consulta Número de copia Fecha del precio de reemplazo Tipo de item de Koha Serie de enumeración / cronolog&íacute;a Calificador de ubicación codificada Note pública
  Dewey Decimal Classification     Colección General Biblioteca Pública Cubarral Biblioteca Pública Cubarral General 08/08/2023   388 T71 CUB02284 08/08/2023 Ej.1 08/08/2023 LIbro      
  Dewey Decimal Classification     Colección General Biblioteca Pública Cumaral - Alvaro Garzon Torres Biblioteca Pública Cumaral - Alvaro Garzon Torres Literatura 05/28/2024   338T71 MECUM00268 05/28/2024 Ej.1 05/28/2024 LIbro   SALA GENERAL 3B  
  Dewey Decimal Classification     Colección General Biblioteca Pública Dorado Biblioteca Pública Dorado General 12/20/2022   388 T71 DOR00310 12/20/2022 Ej.1 12/20/2022 LIbro      
  Dewey Decimal Classification     Colección General Biblioteca Pública Fuentedeoro - Henry Llanos García Biblioteca Pública Fuentedeoro - Henry Llanos García General 05/04/2023   338 T71 Fo0000268 05/04/2023 Ej.1 05/04/2023 LIbro      
  Dewey Decimal Classification     Colección General Biblioteca Pública José Eustasio Rivera - San Martin Biblioteca Pública José Eustasio Rivera - San Martin General 05/03/2023   338 T71 SM001134 05/03/2023 Ej.1 05/03/2023 LIbro      
  Dewey Decimal Classification     Colección General Biblioteca Pública Lejanias Biblioteca Pública Lejanias General 06/26/2023   338 T71 LEJ00282 06/26/2023 Ej.1 06/26/2023 LIbro      
  Dewey Decimal Classification     Colección General Biblioteca Pública Puerto Lleras Biblioteca Pública Puerto Lleras General 05/18/2023   338T71 PLL00368 05/18/2023 Ej.1 05/18/2023 LIbro      
  Dewey Decimal Classification     Colección General Biblioteca Pública Restrepo Biblioteca Pública Restrepo General 07/08/2025   338 T71 RES00414 07/08/2025 Ej.1 07/08/2025 LIbro      
  Dewey Decimal Classification     Colección General Biblioteca Pública San Carlos de Guaroa - Eduardo Carranza Biblioteca Pública San Carlos de Guaroa - Eduardo Carranza General 04/03/2025   338 T71 SG02796 04/03/2025 Ej.1 04/03/2025 LIbro      
  Dewey Decimal Classification     Sala General Biblioteca Barrio Porfia - Villavicencio Biblioteca Barrio Porfia - Villavicencio   12/04/2015   338 T71 280881 06/12/2017 Ej. 1 12/04/2015 LIbro 06/ene/2015    
  Dewey Decimal Classification     Sala General Biblioteca Comunitaria - Villavicencio Biblioteca Comunitaria - Villavicencio   12/04/2015   338 T71 28313 12/04/2015 Ej. 3 12/04/2015 LIbro 17/mar/2015    
  Dewey Decimal Classification     Colección General Biblioteca Pública El Castillo - Alfonso Meneses Biblioteca Pública El Castillo - Alfonso Meneses General 06/01/2023   338 T71 EC00597 06/01/2023 Ej.1 06/01/2023 LIbro      
  Dewey Decimal Classification     Colección General Biblioteca Pública Acacias - Carlos María Hernández Rojas Biblioteca Pública Acacias - Carlos María Hernández Rojas General 05/08/2025   338 T71 ACA02524 05/08/2025 Ej.1 05/08/2025 LIbro      
  Dewey Decimal Classification     Colección General Biblioteca Pública Acacias - Carlos María Hernández Rojas Biblioteca Pública Acacias - Carlos María Hernández Rojas General 05/08/2025   338 T71 ACA02525 05/08/2025 Ej.1 05/08/2025 LIbro      
  Dewey Decimal Classification     Colección General Biblioteca Pública Barranca de Upia - María Dolores Herrera Biblioteca Pública Barranca de Upia - María Dolores Herrera General 10/31/2023   338 T71 BUP01323 10/31/2023 Ej.1 10/31/2023 LIbro      
        Sala General Biblioteca Pública Departamental Eduardo Carranza - Villavicencio Biblioteca Pública Departamental Eduardo Carranza - Villavicencio General 12/03/2014   338 T71 ECA23291 11/26/2024 Ej.1 11/26/2024 LIbro     17374 | 22303
  Dewey Decimal Classification     Sala Especializada Tercer Piso Biblioteca Pública Germán Arciniegas - Villavicencio Biblioteca Pública Germán Arciniegas - Villavicencio   12/04/2015   338 T71 28088 12/04/2015 Ej. 1 12/04/2015 LIbro 06/ene/2015    
  Dewey Decimal Classification     Colección General Biblioteca Pública Guamal Biblioteca Pública Guamal General 03/14/2023   338 T71 GUA002244 03/14/2023 Ej.1 03/14/2023 LIbro      
  Dewey Decimal Classification     Colección General Biblioteca Pública La Macarena Biblioteca Pública La Macarena General 07/13/2023   338 T71 LM00140 07/13/2023 Ej.1 07/13/2023 LIbro      
  Dewey Decimal Classification     Colección General Biblioteca Pública Mapiripan Biblioteca Pública Mapiripan General 07/06/2023   338T71 MAP0000340 07/06/2023 Ej.1 07/06/2023 LIbro      
  Dewey Decimal Classification       Biblioteca Pública Mesetas - Franco lodo Poloxi Biblioteca Pública Mesetas - Franco lodo Poloxi General 12/18/2024   338 T71 MEE0001119 12/18/2024 Ej.1 12/18/2024 LIbro      
  Clasificación Local Facetada     Colección General Biblioteca Pública Puerto Concordia Biblioteca Pública Puerto Concordia General 02/05/2026   338 T71 PCON00710 02/05/2026 Ej.1 02/05/2026 LIbro      
  Dewey Decimal Classification     Colección General Biblioteca Pública Puerto Rico Biblioteca Pública Puerto Rico General 01/24/2023   388 T71 PR00000239 01/24/2023 Ej.1 01/24/2023 LIbro      
  Dewey Decimal Classification     Colección General Biblioteca Pública San Juan de Arama - Concepción de Arama Biblioteca Pública San Juan de Arama - Concepción de Arama General 07/05/2023   338 T71 SJA00513 07/05/2023 Ej.1 07/05/2023 LIbro      
  Dewey Decimal Classification     Colección General Biblioteca Pública San Juan de Arama - Concepción de Arama Biblioteca Pública San Juan de Arama - Concepción de Arama General 07/05/2023   338 T71 SJA00525 07/05/2023 Ej.1 07/05/2023 LIbro      
  Dewey Decimal Classification     Colección General Biblioteca Pública Uribe - Reinerio Arenas Biblioteca Pública Uribe - Reinerio Arenas General 07/17/2024   338 T71 URI00381 07/17/2024 Ej.1 07/17/2024 LIbro      
  Dewey Decimal Classification     Colección General Biblioteca Pública Vistahermosa Biblioteca Pública Vistahermosa General 07/21/2023   338 T71 VIS00312 07/21/2023 Ej.1 07/21/2023 LIbro      









Instituto Departamental de Cultura del Meta - Red Departamental de Bibliotecas Públicas del Meta.